000
00330pam a2200145 a 4500
020
_c
041
_h
082
_a
659.10000000000002
_b
MAC
100
_a
Mackay,A.R.
245
_a
Practice Of Advertising
_h
Textual Documents
250
_a
5th ed
260
_a
New Delhi
_b
Elsevier
_c
2005
300
_a
XXIII/367
930
_a
9622
999
_c
116447
_d
116447